Statistics for Countries Bordering Unknown Sea #5 (no letter prompts)

Click here to take the quiz!

General Stats

  • This quiz has been taken 172 times
  • The average score is 9 of 9

Answer Stats

Country% Correct
Israel
97%
Red Sea
97%
Saudi Arabia
97%
Yemen
97%
Egypt
96%
Jordan
96%
Eritrea
94%
Djibouti
93%
Sudan
93%

Score Distribution

Percentile by Number Answered

Percent of People with Each Score

Your Score History

You have not taken this quiz